| 000 | 00553nam a2200193Ia 4500 | ||
|---|---|---|---|
| 005 | 20250508153155.0 | ||
| 008 | 008 250505s9999 xx 000 0 eng d | ||
| 037 | _aTextual | ||
| 040 |
_aFEDL _beng _cFEDL |
||
| 041 |
_aeng _2eng |
||
| 084 |
_a158, STO _qFEDL |
||
| 100 |
_aStone W. Clement _9763326 |
||
| 245 | 0 | _aSuccess system that never fails | |
| 260 |
_aEnglewood Cliffs, New Jersey, USA _bPrentice - Hall _c1962 |
||
| 300 | _axvii,252p | ||
| 650 | _aApplied psychology | ||
| 942 |
_cTEXL _h158, STO |
||
| 999 |
_c1341042 _d1341042 |
||